00663 2200217 4500001002100000005001700021008004100038020002200079035002400101040001200125082001000137090002000147100003600167245011900203250001000322260003600332300002500368650001800393850001200411990002200423YOGYA-0212000000038820120219221404.0 ind  a978-602-98036-7-9 0010-021200000000388 aYOPDYOG a495.6 aDEP 495.6 Chr H aChrisna farmadiana - Amy Fujita aHafalan super cepat bahasa Jepang sistem kebut semalam !cChrisna Farmadiani-Amy Fujita; penyunting Daru Wijayanti aCet.1 aYogyakartabNew Diglossiac2011 aV, 198 hlmc11x15 cm aBahasa jepang aYOPDYOG aCB-D.11-2011-1727